Malya- AMK - Statistiques

Statistiques générales
  • Ce quiz a été pris 46 fois
  • Le résultat moyen est 247 sur 614
Statistiques - réponses
Réponse % Correct
à-l
100%
ma
100%
regard
100%
dans
96%
Dans
96%
de
96%
Malya
96%
tombé
96%
du
93%
comme
89%
Comment
89%
J'suis
89%
j'suis
89%
En
81%
en
81%
sa
81%
a
78%
à
78%
cortège
78%
l'piège
78%
milieu
78%
plein
78%
tu
78%
veux
78%
faire
74%
que
74%
Que
74%
me
70%
le
67%
Le
67%
qu'elle
67%
sans
67%
Elle
63%
elle
63%
je
63%
Je
63%
qu'on
63%
Y
59%
y
59%
mala
56%
mon
56%
et
52%
Et
52%
Pas
52%
pas
52%
remarque
52%
baise
48%
cœur
48%
la
48%
La
48%
ça
44%
son
44%
sous
44%
te
44%
bas
41%
bloc
41%
maille
41%
plus
41%
prend
41%
j'ai
37%
J'ai
37%
j'peux
37%
J'peux
37%
reste
37%
sait
37%
un
37%
Un
37%
veut
37%
club
33%
capitale
30%
c'est
30%
croisé
30%
qui
30%
radical
30%
rester
30%
ses
30%
yeux
30%
habite
26%
jeu
26%
quand
26%
sais
26%
cool-al
22%
des
22%
est
22%
Hier
22%
petite
22%
Pour
22%
pour
22%
sexe
22%
s'voit
22%
bif
19%
d'doute
19%
dire
19%
faya
19%
j'sais
19%
j'y
19%
Moi
19%
stress
19%
tel
19%
zaya
19%
Bébé
15%
bébé
15%
ceux
15%
change
15%
détendre
15%
finir
15%
fort
15%
kiffe
15%
les
15%
Les
15%
m'dit
15%
ne
15%
n'pense
15%
obsédé
15%
perdu
15%
peut
15%
pif
15%
qu'au
15%
repense
15%
repéré
15%
ridé
15%
rien
15%
toute
15%
yah
15%
zone
15%
car
11%
Champs
11%
croque
11%
dépensé
11%
flinguent
11%
fossettes
11%
hey
11%
jamais
11%
jour
11%
night
11%
Oreo
11%
Paris
11%
pèze
11%
propose
11%
qu'un
11%
rodéo
11%
si
11%
-tège
11%
t'innoves
11%
va
11%
wife
11%
au
7%
bleus
7%
bonne
7%
c'concept
7%
date
7%
donne
7%
eh
7%
girl
7%
hommes
7%
nah
7%
nice
7%
on
7%
Peut-être
7%
qu'je
7%
rentrer
7%
rêve
7%
rider
7%
Rider
7%
risque
7%
seras
7%
t'as
7%
tempérament
7%
t'es
7%
vie
7%
vue
7%
VV
7%
VVS
7%
aime
4%
anticipe
4%
aucun
4%
ccord-d'a
4%
choquer
4%
classiques
4%
dis-le
4%
d'mes
4%
encore
4%
genre
4%
gens
4%
goûter
4%
goûts
4%
Il
4%
il
4%
J'aime
4%
l'argent
4%
l'attirance
4%
l'avenue
4%
mouvements
4%
n'lui
4%
physique
4%
psychique
4%
qu'ont
4%
Sur
4%
sur
4%
tels-hô
4%
t'étonne
4%
t'refaire
4%
trinque
4%
truc
4%
t'sais
4%
viens
4%
voiture
4%
allemandes
0%
aux
0%
bad
0%
beugeuh
0%
bir'
0%
cache
0%
Celles
0%
chèques
0%
coup
0%
courbes
0%
(cru)
0%
deux-trois
0%
d'rentrer
0%
d'tête
0%
froid
0%
généreuses
0%
gros
0%
G-shit
0%
gyals
0%
ice
0%
innovent
0%
juste
0%
lady
0%
Miskine
0%
Monte
0%
m'reste
0%
pieu
0%
spliffs
0%
Suffit
0%
surtout
0%
Surtout
0%
t'emmener
0%
tête
0%
T'façon
0%
travail
0%
trucs
0%
voitures
0%
yeuz
0%
Aucun quiz correspondant
Distribution des résultats
% des personnes avec chaque résultat
Percentile par nombre de réponses
Votre historique - résultats
Vous n’avez pas pris ce quiz